| 000 | 00486nam a2200169 i 4500 | ||
|---|---|---|---|
| 001 | 72456 | ||
| 003 | ES-MaACL | ||
| 005 | 20250704063115.0 | ||
| 007 | t| | ||
| 008 | 040901s1967 sp ||||1| cat d | ||
| 100 | 1 |
_aGironella, José María, _d1917-2003 _957298 |
|
| 245 | 1 | 4 |
_aEls xiprers creuen en Déu / _cJosep María Gironella. |
| 260 |
_aBarcelona : _bArgos, _c[1967] |
||
| 300 |
_a741 p. ; _c22 cm. |
||
| 852 |
_aES-MaACL _jC-36738 _bR.70506 |
||
| 999 |
_c72456 _d72456 |
||